[Event "George Trundle Reserves"]
[Site "Auckland"]
[Date "2018.07.12"]
[Round "6"]
[White "Lyall, Simon"]
[Black "Seabrook, Roy"]
[Result "1-0"]
[WhiteElo "1642"]
[BlackElo "1774"]
[PlyCount "51"]
[EventDate "2018.07.07"]
[EventType "tourn"]
[EventRounds "9"]
[EventCountry "NZL"]
[SourceTitle "EXT 2019"]
[Source "ChessBase"]
[SourceDate "2018.10.10"]
[SourceVersion "1"]
[SourceVersionDate "2018.10.10"]
[SourceQuality "1"]

1. e4 d6 2. d4 Nf6 3. Nc3 g6 4. Be3 Bg7 5. Qd2 Nc6 6. Nf3 Ng4 7. Bg5 h6 8. Bh4 0-0 9. 0-0-0 a6 10. a3 b5 11. Nd5 Be6 12. h3 g5 13. hxg4 gxh4 14. Rxh4 f6 15. Bd3 Qd7 16. Rdh1 Bxg4 17. Qf4 Bxf3 18. gxf3 e5 19. Qg3 Kh7 20. Ne3 Nxd4 21. Ng4 f5 22. Nxh6 Ne6 23. exf5 Nf4 24. f6+ Nxd3+ 25. cxd3 Qc6+ 26. Kb1 1-0

[Event "NZL-ch op 125th"]
[Site "Palmerston North"]
[Date "2018.01.07"]
[Round "7"]
[White "Johansen, Darryl Keith"]
[Black "Seabrook, Roy"]
[Result "1-0"]
[WhiteElo "2374"]
[BlackElo "1784"]
[PlyCount "103"]
[EventDate "2018.01.01"]
[EventType "swiss"]
[EventRounds "9"]
[EventCountry "NZL"]
[SourceTitle "CBM 182 Extra"]
[Source "ChessBase"]
[SourceDate "2018.02.23"]
[SourceVersion "1"]
[SourceVersionDate "2018.02.23"]
[SourceQuality "1"]

1. c4 c5 2. Nf3 Nf6 3. Nc3 Nc6 4. d4 cxd4 5. Nxd4 g6 6. Nc2 Bg7 7. e4 0-0 8. Be2 d6 9. 0-0 Be6 10. Be3 Qa5 11. Bd2 Nd7 12. a3 Qb6 13. b4 Nde5 14. Be3 Qd8 15. Nd5 Nd7 16. Rc1 Nb6 17. Qd2 Ne5 18. Nd4 Bxd5 19. exd5 Rc8 20. Qa2 Qd7 21. h3 Qe8 22. c5 Na8 23. c6 bxc6 24. dxc6 g5 25. Bxg5 Nc7 26. Nf5 Ng6 27. b5 Ne6 28. Be3 Rc7 29. Rfd1 Ngf4 30. Bf1 Be5 31. g3 Nh5 32. Qe2 Nhg7 33. Nh6+ Kh8 34. f4 Bf6 35. Bg2 Qb8 36. a4 Ne8 37. a5 Nc5 38. Rxc5 dxc5 39. Bxc5 Qc8 40. Qf3 Qe6 41. b6 axb6 42. axb6 Rc8 43. b7 Rb8 44. Qd5 Qe2 45. Ba7 Nc7 46. Qd3 Qh5 47. Ng4 Rbe8 48. Rb1 Qa5 49. b8Q Rxb8 50. Bxb8 Na6 51. Be5 Kg7 52. Qd4 1-0

[Event "Auckland North Shore op 44th"]
[Site "Auckland"]
[Date "2017.08.27"]
[Round "5"]
[White "Li, Shenyue"]
[Black "Seabrook, Roy"]
[Result "1-0"]
[WhiteElo "2038"]
[BlackElo "1814"]
[PlyCount "93"]
[EventDate "2017.08.26"]
[EventType "swiss"]
[EventRounds "5"]
[EventCountry "NZL"]
[SourceTitle "CBM 180 Extra"]
[Source "ChessBase"]
[SourceDate "2017.10.06"]
[SourceVersion "1"]
[SourceVersionDate "2017.10.06"]
[SourceQuality "1"]

1. e4 Nc6 2. Nf3 f5 3. e5 e6 4. d4 d6 5. Bb5 Bd7 6. Bc4 dxe5 7. dxe5 Bb4+ 8. c3 Bc5 9. b4 Bb6 10. Qb3 Qe7 11. a4 a6 12. 0-0 h6 13. a5 Ba7 14. b5 axb5 15. Bxb5 Nxa5 16. Bxd7+ Qxd7 17. Rxa5 Bxf2+ 18. Rxf2 Rxa5 19. Rd2 Rd5 20. Rxd5 Qxd5 21. Qxd5 exd5 22. Nd4 Ne7 23. Ne6 Kf7 24. Nxc7 Rc8 25. Nb5 Ke6 26. Bf4 Nc6 27. Nd2 g5 28. Be3 Nxe5 29. Nb3 Nc4 30. Bd4 b6 31. Bg7 Kf7 32. Bd4 Ra8 33. Bf2 Ra2 34. g3 Rb2 35. N3d4 Kf6 36. Nc7 Ke5 37. Ne8 f4 38. gxf4+ gxf4 39. Kg2 Ne3+ 40. Kf3 Nd1 41. Bh4 Rf2+ 42. Bxf2 Nxc3 43. Ne2 Nxe2 44. Kxe2 b5 45. Bc5 f3+ 46. Kxf3 d4 47. Nc7 1-0

[Event "Hamilton Waikato op"]
[Site "Hamilton"]
[Date "2017.08.12"]
[Round "4"]
[White "Seabrook, Roy"]
[Black "Van den Heuvel, Arnold"]
[Result "1-0"]
[WhiteElo "1814"]
[BlackElo "1828"]
[PlyCount "99"]
[EventDate "2017.08.11"]
[EventType "swiss"]
[EventRounds "6"]
[EventCountry "NZL"]
[SourceTitle "CBM 180 Extra"]
[Source "ChessBase"]
[SourceDate "2017.10.06"]
[SourceVersion "1"]
[SourceVersionDate "2017.10.06"]
[SourceQuality "1"]

1. c4 Nf6 2. Nf3 g6 3. b3 Bg7 4. Bb2 0-0 5. g3 d6 6. Bg2 c5 7. 0-0 Nc6 8. d3 Rb8 9. Nbd2 a6 10. Qc1 Bd7 11. d4 cxd4 12. Nxd4 Nxd4 13. Bxd4 Qa5 14. Qb2 Bc6 15. e4 Qh5 16. Bf3 Qh3 17. Bg2 Qh5 18. h4 Rfd8 19. Bf3 Qa5 20. Bc3 Qc7 21. e5 dxe5 22. Bxe5 Qc8 23. Rad1 Ne8 24. Ne4 Qe6 25. Bxg7 Nxg7 26. Nc5 Qc8 27. Rxd8+ Qxd8 28. Bxc6 bxc6 29. Nxa6 Ra8 30. Nb4 Qc7 31. a4 Nf5 32. Qc3 Rd8 33. Nc2 c5 34. Qf3 Rd2 35. Ne3 Nd4 36. Qa8+ Kg7 37. Qe4 Ne2+ 38. Kh1 Nxg3+ 39. fxg3 Qxg3 40. Ng2 Rd3 41. Qxe7 Rf3 42. Rxf3 Qxf3 43. Qe5+ f6 44. Qe7+ Kg8 45. Qe8+ Kg7 46. Qd7+ Kf8 47. Qd6+ Kg7 48. Qe7+ Kg8 49. Qe3 Qd1+ 50. Kh2 1-0

[Event "NZL-ch rapid op"]
[Site "Devonport"]
[Date "2015.01.10"]
[Round "2"]
[White "Seabrook, Roy"]
[Black "Rasmussen, Allan Stig"]
[Result "0-1"]
[WhiteElo "1839"]
[BlackElo "2526"]
[PlyCount "54"]
[EventDate "2015.01.10"]
[EventType "swiss (rapid)"]
[EventRounds "9"]
[EventCountry "NZL"]
[SourceTitle "EXT 2018"]
[Source "ChessBase"]
[SourceDate "2017.10.13"]
[SourceVersion "1"]
[SourceVersionDate "2017.10.13"]
[SourceQuality "1"]

1. e4 c6 2. d4 d5 3. exd5 cxd5 4. Bd3 Nc6 5. c3 Qc7 6. Ne2 Bg4 7. f3 Bd7 8. 0-0 Nf6 9. Bf4 e5 10. dxe5 Nxe5 11. Bxe5 Qxe5 12. Nd4 0-0-0 13. Re1 Qh5 14. Nd2 Bd6 15. g3 Kb8 16. f4 Ng4 17. N2f3 h6 18. Qd2 g5 19. f5 Rhe8 20. Be2 Re3 21. Kg2 Rde8 22. h3 Nf6 23. g4 Nxg4 24. hxg4 Qxg4+ 25. Kf1 Qh3+ 26. Kg1 Bh2+ 27. Nxh2 Rg3+ 0-1

[Event "NZL-ch op 122nd"]
[Site "Auckland"]
[Date "2015.01.07"]
[Round "7"]
[White "McLaren, Leonard"]
[Black "Seabrook, Roy"]
[Result "1-0"]
[WhiteElo "2210"]
[BlackElo "1839"]
[PlyCount "61"]
[EventDate "2015.01.01"]
[EventType "swiss"]
[EventRounds "9"]
[EventCountry "NZL"]
[SourceTitle "CBM 164 Extra"]
[Source "ChessBase"]
[SourceDate "2015.03.02"]
[SourceVersion "1"]
[SourceVersionDate "2015.03.02"]
[SourceQuality "1"]

1. e4 e5 2. Nf3 Nc6 3. Nc3 Nf6 4. g3 Be7 5. Bg2 d6 6. 0-0 0-0 7. h3 h6 8. d4 Nh7 9. Nd5 f5 10. dxe5 dxe5 11. Nxe7+ Qxe7 12. Nh4 Rf6 13. Nxf5 Bxf5 14. exf5 Rxf5 15. Be3 Rd8 16. Qg4 Rf6 17. Rad1 Nf8 18. Qc4+ Kh8 19. Bc5 Qe6 20. Qxe6 Nxe6 21. Rxd8+ Nexd8 22. Rd1 Ne6 23. Be3 Ned4 24. c3 Nb5 25. a4 Nd6 26. Bxc6 bxc6 27. Bxa7 Kg8 28. a5 Kf7 29. a6 Nb5 30. Bc5 Re6 31. Rd8 1-0

[Event "NZL-ch op 122nd"]
[Site "Auckland"]
[Date "2015.01.01"]
[Round "1"]
[White "Dive, Russell John"]
[Black "Seabrook, Roy"]
[Result "1-0"]
[WhiteElo "2315"]
[BlackElo "1839"]
[PlyCount "81"]
[EventDate "2015.01.01"]
[EventType "swiss"]
[EventRounds "9"]
[EventCountry "NZL"]
[SourceTitle "CBM 164 Extra"]
[Source "ChessBase"]
[SourceDate "2015.03.02"]
[SourceVersion "1"]
[SourceVersionDate "2015.03.02"]
[SourceQuality "1"]

1. Nf3 Nf6 2. g3 g6 3. Bg2 Bg7 4. 0-0 0-0 5. c4 d6 6. Nc3 e5 7. d3 Nc6 8. Rb1 Re8 9. Nd2 Rb8 10. b4 Bf5 11. b5 Nd4 12. Qa4 Nd7 13. Ba3 Nb6 14. Qd1 Qd7 15. Re1 Bh6 16. Nde4 Kg7 17. c5 Bxe4 18. Nxe4 Nc8 19. cxd6 cxd6 20. Nc3 Nb6 21. e3 Rbc8 22. exd4 Rxc3 23. Bb2 exd4 24. Bxc3 dxc3 25. f4 Rc8 26. Qb3 d5 27. a4 g5 28. a5 Na8 29. Qxd5 Qxd5 30. Bxd5 gxf4 31. Bxb7 Rd8 32. Bxa8 Rxa8 33. Rec1 Rc8 34. Rb3 c2 35. Rb2 Rc3 36. Rcxc2 Rxd3 37. gxf4 Bxf4 38. b6 axb6 39. axb6 Rd8 40. b7 Kf8 41. Rc8 1-0

[Event "North Shore op-A 38th"]
[Site "North Shore"]
[Date "2012.09.22"]
[Round "3"]
[White "Duneas, John"]
[Black "Seabrook, Roy"]
[Result "0-1"]
[WhiteElo "2089"]
[BlackElo "1842"]
[PlyCount "124"]
[EventDate "2012.09.22"]
[EventType "swiss"]
[EventRounds "5"]
[EventCountry "NZL"]
[SourceTitle "EXT 2018"]
[Source "ChessBase"]
[SourceDate "2017.10.13"]
[SourceVersion "1"]
[SourceVersionDate "2017.10.13"]
[SourceQuality "1"]

1. d4 Nf6 2. c4 g6 3. Nc3 Bg7 4. e4 0-0 5. Be2 d6 6. Nf3 e5 7. 0-0 Nc6 8. d5 Ne7 9. Ne1 Nd7 10. Be3 f5 11. f3 f4 12. Bf2 g5 13. Nd3 Ng6 14. c5 Nf6 15. Qc2 h5 16. Rfc1 g4 17. cxd6 cxd6 18. Nb5 g3 19. hxg3 fxg3 20. Bxg3 Qb6+ 21. Nf2 h4 22. Bh2 Ng4 23. Bf1 Bh6 24. Re1 Be3 25. Rxe3 Nxe3 26. Qc7 Nxf1 27. Qxb6 axb6 28. Kxf1 Rd8 29. Nd3 Ra5 30. Na3 Bd7 31. Bg1 Ra6 32. Nb4 Ra4 33. Bxb6 Rc8 34. Nd3 Nf4 35. Nxf4 exf4 36. Bf2 h3 37. gxh3 Bxh3+ 38. Ke2 b5 39. Rg1+ Kf7 40. Kd3 Bd7 41. Bd4 b4 42. Rg7+ Ke8 43. Rg8+ Ke7 44. Rxc8 Bxc8 45. Nc2 Ba6+ 46. Kd2 Bc4 47. b3 Rxa2 48. Kc1 Bxb3 49. Nxb4 Rh2 50. e5 Rh3 51. Nc6+ Kd7 52. e6+ Ke8 53. Nb4 Rxf3 54. Bf6 Bc4 55. Kd2 Rb3 56. Nc6 Rd3+ 57. Ke2 Rxd5+ 58. Kf3 Rf5 59. Bb2 Bd5+ 60. Kg4 f3 61. Nd4 f2 62. Nxf5 Bxe6 0-1

[Event "North Island-ch"]
[Site "Auckland"]
[Date "2012.07.12"]
[Round "4"]
[White "Seabrook, Roy"]
[Black "Duneas, John"]
[Result "0-1"]
[WhiteElo "1871"]
[BlackElo "2092"]
[PlyCount "98"]
[EventDate "2012.07.11"]
[EventType "swiss"]
[EventRounds "8"]
[EventCountry "NZL"]
[SourceTitle "EXT 2018"]
[Source "ChessBase"]
[SourceDate "2017.10.13"]
[SourceVersion "1"]
[SourceVersionDate "2017.10.13"]
[SourceQuality "1"]

1. e4 d6 2. Nc3 Nf6 3. Bc4 g6 4. d4 Bg7 5. Nf3 0-0 6. 0-0 c6 7. h3 d5 8. Bd3 dxe4 9. Nxe4 Nbd7 10. Ng3 c5 11. Be3 Nd5 12. c3 cxd4 13. cxd4 Nxe3 14. fxe3 Qb6 15. Rf2 e5 16. Bc4 exd4 17. Nxd4 Qc7 18. Qf1 Ne5 19. Bb3 Qe7 20. Rd1 Bd7 21. Ne4 Nc6 22. Nxc6 Bxc6 23. Nd6 Be8 24. Nxf7 Bxf7 25. Bxf7+ Rxf7 26. Rxf7 Qxf7 27. Qxf7+ Kxf7 28. Rd7+ Kg8 29. Rxb7 a5 30. b3 Rc8 31. Rb5 Rc1+ 32. Kh2 Bc3 33. Rc5 Kf7 34. Rc7+ Kf6 35. Rxh7 Be5+ 36. g3 Rc2+ 37. Kg1 Bxg3 38. Ra7 Rxa2 39. b4 a4 40. b5 Bf2+ 41. Kf1 Bxe3 42. Ra6+ Kf5 43. b6 Rb2 44. Ra5+ Ke4 45. Ra8 Kf3 46. Rf8+ Bf4 47. Re8 Rb1+ 48. Re1 Rxe1+ 49. Kxe1 a3 0-1

[Event "Queenstown op"]
[Site "Queenstown"]
[Date "2012.01.22"]
[Round "8"]
[White "Seabrook, Roy"]
[Black "Davis, Justin"]
[Result "1-0"]
[WhiteElo "1873"]
[BlackElo "1985"]
[PlyCount "69"]
[EventDate "2012.01.15"]
[EventType "swiss"]
[EventRounds "9"]
[EventCountry "NZL"]
[SourceTitle "CBM 146 Extra"]
[Source "ChessBase"]
[SourceDate "2012.02.29"]
[SourceVersion "1"]
[SourceVersionDate "2012.02.29"]
[SourceQuality "1"]

1. d4 d5 2. c4 c6 3. Nc3 Nf6 4. Nf3 a6 5. h3 e6 6. Bf4 Bd6 7. Ne5 Nh5 8. Bh2 f6 9. e3 g6 10. c5 Bc7 11. Ng4 Bxh2 12. Nxh2 e5 13. Qd2 e4 14. Be2 Ng7 15. f3 f5 16. 0-0 0-0 17. fxe4 fxe4 18. Na4 Nf5 19. Nb6 Ra7 20. Bg4 Be6 21. Rf2 Nd7 22. Nxd7 Bxd7 23. Raf1 Ra8 24. Bd1 Qg5 25. Ng4 Rae8 26. Rf4 Bc8 27. Qf2 Kg7 28. Kh2 h5 29. Ne5 h4 30. Rg4 Qxg4 31. Bxg4 Ng3 32. Qxf8+ Rxf8 33. Rxf8 Bxg4 34. Rf7+ Kh6 35. Nxg4+ 1-0

[Event "North Shore op-A 37th"]
[Site "Auckland"]
[Date "2011.08.28"]
[Round "5"]
[White "Seabrook, Roy"]
[Black "Yao, Winston Yow Jen"]
[Result "1-0"]
[WhiteElo "1849"]
[BlackElo "1839"]
[PlyCount "103"]
[EventDate "2011.08.28"]
[EventType "swiss"]
[EventRounds "5"]
[EventCountry "NZL"]
[SourceTitle "EXT 2018"]
[Source "ChessBase"]
[SourceDate "2017.10.13"]
[SourceVersion "1"]
[SourceVersionDate "2017.10.13"]
[SourceQuality "1"]

1. d4 Nf6 2. Nf3 e6 3. g3 b5 4. Bg2 Bb7 5. 0-0 a6 6. c4 bxc4 7. Qa4 Nc6 8. Qxc4 Be7 9. Nc3 a5 10. a3 0-0 11. Qd3 Ba6 12. Qc2 Qb8 13. Re1 Qa7 14. e3 Rab8 15. Bd2 Qb7 16. Na4 Qb3 17. Rac1 Qxc2 18. Rxc2 Bb5 19. Nc5 Bxc5 20. Rxc5 Ne4 21. Rcc1 Nxd2 22. Nxd2 Ba4 23. Rc4 Bb5 24. Rc5 Ba4 25. Rc4 Bb5 26. Rc3 a4 27. b3 axb3 28. Nxb3 Ra8 29. Nc5 Rfd8 30. a4 Bxa4 31. Nxa4 Rxa4 32. Bxc6 dxc6 33. Rxc6 Ra7 34. Rec1 Rc8 35. Kg2 Kf8 36. Kf3 Ke7 37. R1c2 Kd7 38. Kf4 Ra5 39. h4 Rb5 40. g4 Rb6 41. R6c5 c6 42. Ra2 Rc7 43. Ra8 Rc8 44. Ra7+ Rc7 45. Rxc7+ Kxc7 46. Ke5 Rb5 47. f4 g6 48. Kf6 Kd6 49. Kxf7 Rxc5 50. dxc5+ Kxc5 51. Kxe6 Kb4 52. f5 1-0

[Event "North Shore op-A 37th"]
[Site "Auckland"]
[Date "2011.08.27"]
[Round "1"]
[White "Johns, Daniel"]
[Black "Seabrook, Roy"]
[Result "1-0"]
[WhiteElo "1831"]
[BlackElo "1849"]
[PlyCount "135"]
[EventDate "2011.08.28"]
[EventType "swiss"]
[EventRounds "5"]
[EventCountry "NZL"]
[SourceTitle "EXT 2018"]
[Source "ChessBase"]
[SourceDate "2017.10.13"]
[SourceVersion "1"]
[SourceVersionDate "2017.10.13"]
[SourceQuality "1"]

1. e4 e5 2. Nf3 Nc6 3. Bb5 a6 4. Ba4 Nf6 5. 0-0 Be7 6. Re1 b5 7. Bb3 0-0 8. c3 d5 9. exd5 Nxd5 10. Nxe5 Nxe5 11. Rxe5 c6 12. d4 Bd6 13. Re1 Qh4 14. g3 Qh3 15. Qf3 Bg4 16. Qg2 Rae8 17. Qxh3 Rxe1+ 18. Qf1 Rxf1+ 19. Kxf1 Bh3+ 20. Ke2 Re8+ 21. Be3 f5 22. Nd2 f4 23. gxf4 Bxf4 24. Nf1 Kf8 25. Bxd5 cxd5 26. Ng3 g6 27. Kd2 Bd6 28. Re1 h5 29. Bh6+ Kf7 30. Rxe8 Kxe8 31. Bg5 Kf7 32. Ke3 Ke6 33. Bf4 Be7 34. Be5 Bg5+ 35. f4 Bh6 36. b3 h4 37. Nh1 Bg2 38. Nf2 Kf5 39. Nd3 g5 40. fxg5 Bxg5+ 41. Bf4 Bxf4+ 42. Nxf4 Be4 43. a3 Bc2 44. Nxd5 Bxb3 45. Nf4 Bf7 46. Ng2 Kg4 47. Nf4 Bc4 48. d5 Kf5 49. d6 Kf6 50. Kd4 Kf7 51. Ng6 Ke6 52. d7 Kxd7 53. Ne5+ Kd6 54. Nxc4+ bxc4 55. Kxc4 Kc6 56. a4 h3 57. Kd4 Kd6 58. c4 Kc6 59. c5 Kb7 60. Kd5 Kc7 61. c6 Kd8 62. Kc5 Kc7 63. a5 Kc8 64. Kb6 Kb8 65. Kxa6 Ka8 66. Kb6 Kb8 67. c7+ Kc8 68. a6 1-0

[Event "NZL-ch Major op"]
[Site "Auckland"]
[Date "2011.01.07"]
[Round "6"]
[White "Gilmore, Sacha"]
[Black "Seabrook, Roy"]
[Result "0-1"]
[WhiteElo "1629"]
[BlackElo "1748"]
[PlyCount "58"]
[EventDate "2011.01.02"]
[EventType "swiss"]
[EventRounds "11"]
[EventCountry "NZL"]
[SourceTitle "EXT 2018"]
[Source "ChessBase"]
[SourceDate "2017.10.13"]
[SourceVersion "1"]
[SourceVersionDate "2017.10.13"]
[SourceQuality "1"]

1. Nf3 d5 2. d4 c5 3. c3 Nc6 4. g3 Nf6 5. Bg2 Bf5 6. 0-0 h6 7. Be3 cxd4 8. Nxd4 Bg6 9. Qa4 Qd7 10. b4 e5 11. Nxc6 bxc6 12. c4 Be7 13. Nc3 e4 14. Rfd1 Rd8 15. Qxa7 Bxb4 16. cxd5 Qxa7 17. Bxa7 Bxc3 18. dxc6 Bxa1 19. Rxa1 0-0 20. Rc1 Ra8 21. Bd4 Rxa2 22. c7 Bf5 23. Bxf6 gxf6 24. Bxe4 Bc8 25. Rc5 Rxe2 26. Bd3 Re7 27. h4 Bb7 28. Bf5 Re1+ 29. Kh2 Rh1# 0-1

[Event "North Shore op-A"]
[Site "Auckland"]
[Date "2010.10.09"]
[Round "1"]
[White "Li, Zuhao Luke"]
[Black "Seabrook, Roy"]
[Result "1/2-1/2"]
[WhiteElo "1973"]
[BlackElo "1845"]
[PlyCount "65"]
[EventDate "2010.10.09"]
[EventType "swiss"]
[EventRounds "5"]
[EventCountry "NZL"]
[SourceTitle "EXT 2018"]
[Source "ChessBase"]
[SourceDate "2017.10.13"]
[SourceVersion "1"]
[SourceVersionDate "2017.10.13"]
[SourceQuality "1"]

1. d4 d5 2. c4 Nf6 3. cxd5 Nxd5 4. e4 Nf6 5. Nc3 e6 6. Bg5 Be7 7. Bc4 Nxe4 8. Bxe7 Nxc3 9. Bxd8 Nxd1 10. Bxc7 Nxb2 11. Bb3 Na6 12. Bd6 Kd7 13. Bg3 Nd3+ 14. Ke2 Ndb4 15. Nf3 b6 16. Ne5+ Ke7 17. a3 Nd5 18. Nc6+ Ke8 19. Rac1 Bd7 20. Rhe1 Bxc6 21. Rxc6 Ne7 22. Ba4 Nxc6 23. Bxc6+ Ke7 24. Bb7 Rad8 25. Bxa6 Rxd4 26. Bb5 Rc8 27. a4 Rc5 28. Kf1 f6 29. f3 Rc2 30. Re2 Rxe2 31. Kxe2 a6 32. Bf2 Rb4 33. Bxa6 1/2-1/2

[Event "NZL-ch Major"]
[Site "Auckland"]
[Date "2010.01.02"]
[Round "1"]
[White "Seabrook, Roy"]
[Black "Li, Zuhao Luke"]
[Result "0-1"]
[WhiteElo "1854"]
[BlackElo "1498"]
[PlyCount "108"]
[EventDate "2010.01.02"]
[EventType "swiss"]
[EventRounds "11"]
[EventCountry "NZL"]
[SourceTitle "CBM 134 Extra"]
[Source "ChessBase"]
[SourceDate "2010.03.03"]
[SourceVersion "1"]
[SourceVersionDate "2010.03.03"]
[SourceQuality "1"]

1. e4 e6 2. Nf3 d5 3. Nc3 Nf6 4. e5 Nfd7 5. d4 c5 6. Bb5 Nc6 7. Be3 cxd4 8. Bxd4 Nxd4 9. Qxd4 a6 10. Ba4 b5 11. Bb3 Bc5 12. Qg4 0-0 13. Ne2 a5 14. c3 Qc7 15. Qh5 h6 16. Bc2 Ba6 17. g4 b4 18. g5 Nxe5 19. gxh6 Nxf3+ 20. Qxf3 Qe5 21. hxg7 Rfc8 22. Rg1 Bxe2 23. Qxe2 Qxe2+ 24. Kxe2 bxc3 25. Rg3 Bd6 26. Rxc3 Rxc3 27. bxc3 Kxg7 28. Rg1+ Kf6 29. h4 Rc8 30. Kd3 Be5 31. Rg4 Rxc3+ 32. Kd2 Ra3 33. Bb3 Kf5 34. f3 Bf4+ 35. Kc2 a4 36. Kb2 Bc1+ 37. Kxc1 axb3 38. axb3 Rxb3 39. Rg3 Rb4 40. Rg5+ Kf6 41. Rg4 Rxg4 42. fxg4 Kg6 43. Kd2 f5 44. g5 e5 45. Ke3 d4+ 46. Kd3 Kh5 47. Ke2 e4 48. Kf2 d3 49. Ke3 f4+ 50. Kd2 Kg6 51. Ke1 e3 52. Kd1 f3 53. Ke1 Kh5 54. Kf1 d2 0-1

[Event "Queenstown op"]
[Site "Queenstown"]
[Date "2009.01.24"]
[Round "10"]
[White "Seabrook, Roy"]
[Black "Marks, Joe"]
[Result "0-1"]
[WhiteElo "1680"]
[BlackElo "1356"]
[PlyCount "124"]
[EventDate "2009.01.15"]
[EventType "swiss"]
[EventRounds "10"]
[EventCountry "NZL"]
[SourceTitle "CBM 128 Extra"]
[Source "ChessBase"]
[SourceDate "2009.03.05"]
[SourceVersion "2"]
[SourceVersionDate "2009.03.25"]
[SourceQuality "1"]

1. e4 e6 2. Nf3 d6 3. d4 Be7 4. Nc3 b6 5. Bb5+ Bd7 6. Bxd7+ Nxd7 7. 0-0 h6 8. Qd3 a6 9. Bf4 Ngf6 10. e5 dxe5 11. dxe5 Nh7 12. Rad1 Nc5 13. Qe2 Qc8 14. Rd4 0-0 15. Qe3 Rd8 16. Rfd1 Nd7 17. Bxh6 Bc5 18. Bg5 Bxd4 19. Rxd4 f6 20. exf6 Ndxf6 21. Bxf6 Nxf6 22. Rxd8+ Qxd8 23. Qxe6+ Kf8 24. Qc6 Rc8 25. Ng5 Qe7 26. h3 Re8 27. Qc4 Qe1+ 28. Qf1 Qd2 29. Nf3 Qxc2 30. Qc4 Ne4 31. Qe2 Qxe2 32. Nxe2 Nd2 33. Ned4 c5 34. Nxd2 cxd4 35. Kf1 d3 36. Nc4 Re2 37. a4 Rc2 38. Ke1 Rxc4 39. b3 Rc2 40. g4 Rb2 41. h4 Rxb3 42. f3 Ra3 43. Kd2 b5 44. axb5 axb5 45. h5 b4 46. f4 b3 47. Kxd3 Ra4 48. g5 Rxf4 49. h6 gxh6 50. gxh6 Kg8 51. Kc3 Rf3+ 52. Kb2 Kh7 53. Kb1 Rf2 54. Ka1 Ra2+ 55. Kb1 Kxh6 56. Kc1 Kg5 57. Kb1 Kf4 58. Kc1 Ke3 59. Kb1 Kd3 60. Kc1 Kc3 61. Kb1 Rc2 62. Ka1 Rc1# 0-1